Manual único para la calificación de la invalidez : (Registro nro. 5906)
[ vista simple ]
| 000 -LEADER | |
|---|---|
| fixed length control field | 01125nam a2200253Ia 4500 |
| 003 - CONTROL NUMBER IDENTIFIER | |
| control field | OSt |
| 005 - DATE AND TIME OF LATEST TRANSACTION | |
| control field | 20200818182349.0 |
| 008 - FIXED-LENGTH DATA ELEMENTS--GENERAL INFORMATION | |
| fixed length control field | 191128s1995 ck gr f000 0 spa d |
| 040 ## - CATALOGING SOURCE | |
| Original cataloging agency | CO-JMCR |
| Transcribing agency | CO-JMCR |
| 041 0# - LANGUAGE CODE | |
| Language code of text/sound track or separate title | spa |
| 082 04 - DEWEY DECIMAL CLASSIFICATION NUMBER | |
| Classification number | 346.013026 / |
| Item number | C718m |
| Edition number | 23 |
| 110 1# - MAIN ENTRY--CORPORATE NAME | |
| Corporate name or jurisdiction name as entry element | Colombia. |
| Subordinate unit | Ministerio de Trabajo y Seguridad Social |
| 9 (RLIN) | 7958 |
| 240 10 - UNIFORM TITLE | |
| Uniform title | Leyes, decretos, etc. |
| 245 10 - TITLE STATEMENT | |
| Title | Manual único para la calificación de la invalidez : |
| Remainder of title | decretos 692, 1436 de 1995 / |
| 260 ## - PUBLICATION, DISTRIBUTION, ETC. | |
| Place of publication, distribution, etc. | Bogotá : |
| Name of publisher, distributor, etc. | Ministerio de Trabajo y Seguridad Social, |
| Date of publication, distribution, etc. | 1995 |
| 300 ## - PHYSICAL DESCRIPTION | |
| Extent | 405 páginas ; |
| Dimensions | 23 cm. |
| 505 0# - FORMATTED CONTENTS NOTE | |
| Formatted contents note | Sistemas músculo esquelético -- Sistema nervioso periférico -- Reumatología -- Aparato respiratorio -- Aparato digestivo -- Sistema genital unitario -- Sistema cardiovascular -- Enfermedad neoplásica maligna |
| 650 14 - SUBJECT ADDED ENTRY--TOPICAL TERM | |
| Topical term or geographic name entry element | Enfermedades laborales Decreto 692 de 1995 |
| 9 (RLIN) | 8876 |
| 650 14 - SUBJECT ADDED ENTRY--TOPICAL TERM | |
| Topical term or geographic name entry element | Inválidos |
| General subdivision | legislación |
| Form subdivision | manuales |
| Geographic subdivision | Colombia |
| 9 (RLIN) | 8877 |
| 650 14 - SUBJECT ADDED ENTRY--TOPICAL TERM | |
| Topical term or geographic name entry element | Seguros de invalidez |
| Geographic subdivision | Colombia |
| 9 (RLIN) | 8878 |
| 650 24 - SUBJECT ADDED ENTRY--TOPICAL TERM | |
| Topical term or geographic name entry element | Invalidez |
| General subdivision | Seguro Social |
| Geographic subdivision | Colombia |
| 9 (RLIN) | 8879 |
| 650 24 - SUBJECT ADDED ENTRY--TOPICAL TERM | |
| Topical term or geographic name entry element | Muerte |
| General subdivision | Seguro Social |
| Geographic subdivision | Colombia |
| 9 (RLIN) | 8880 |
| 942 ## - ADDED ENTRY ELEMENTS (KOHA) | |
| Source of classification or shelving scheme | Dewey Decimal Classification |
| Koha item type | Books |
| Withdrawn status | Lost status | Source of classification or shelving scheme | Damaged status | Not for loan | Collection code | Home library | Current library | Date acquired | Source of acquisition | Total Checkouts | Full call number | Barcode | Date last seen | Date last checked out | Copy number | Koha item type |
|---|---|---|---|---|---|---|---|---|---|---|---|---|---|---|---|---|
| Dewey Decimal Classification | Non-fiction | Biblioteca Pública José María del Castillo y Rada | Biblioteca Pública José María del Castillo y Rada | 04/15/2018 | Donación | 1 | 346.013026 / C718m | 430007957 | 06/13/2025 | 06/12/2025 | Ej.1 | Books |